000 00497nam a2200205Ia 4500
003 OSt
005 20241025163533.0
008 210210b2005 xxu||||| |||| 00| 0 eng d
020 _a8189011979
040 _cal
041 _aeng
082 _a375.6137 SONF
100 _aSONKAR (Satish)
_9183359
245 _aFoundations of physical education
260 _aJaipur
_bABD Publishers
_c2005
300 _av,309
690 _aPhysical Education
_9183360
906 _a061948
942 _2ddc
_cBK
999 _c115786
_d115786